| 000 | 00418 a2200157 4500 | ||
|---|---|---|---|
| 005 | 20260210120204.0 | ||
| 020 | _a978-1108415156 | ||
| 040 | _bEng | ||
| 082 | _a62-501.52 BIK | ||
| 100 |
_aBikramjit Basu. _93899 |
||
| 245 | _aBiomaterials Science and Tissue Engineering: Principles and Methods | ||
| 250 | _a1st ed. | ||
| 260 |
_aNew Delhi; _bCambridge University Press, _c2017. |
||
| 300 | _axxv, 696p; | ||
| 942 | _cBK | ||
| 999 |
_c5568 _d5563 |
||